• 首页
  • 本馆介绍
  • 公告通知
  • 最新文献
  • 馆藏检索
  • 电子资源
  • 读者导购
  • 参考咨询
  • 我的图书馆
  • 登录
  • 详细信息显示
  • 放入我的书架
  • 预约/预借图书
  • 作者相关作品
  • 分类相关作品
  • 丛书相关作品
  • 出版社相关作品

书目信息

  • 表格格式
  • 工作单格式
  • 卡片格式
题名:
缅甸史
    
 
作者: 贺圣达 著
分册:  
出版信息: 昆明   云南人民出版社  2015
页数: 494页
开本: 24cm
丛书名: 云南文库·学术名家文丛
单 册:
中图分类: K337.0
科图分类:
主题词:
电子资源:
ISBN: 978-7-222-11832-4
000 00846oam2 2200253 450
001 012001002194
005 20140926114740.0
010    @a978-7-222-11832-4@dCNY89.00
100    @a20160109d2015 em y0chiy50 ea
101 0  @achi
102    @aCN@b530000
105    @ay z 000yy
106    @ar
200 1  @a缅甸史@9mian dian shi@f贺圣达著
210    @a昆明@c云南人民出版社@d2015
215    @a494页@d24cm
225 1  @a云南文库·学术名家文丛
330    @a本书共分十四章,内容包括:原始社会、早期阶级社会(公元前后—10世纪初)、统一的封建国家的建立及初期发展——蒲甘王朝时期(1044-1287)、缅甸封建社会的分裂时期(1287-1531)等。
461  0 @12001 @a云南文库·学术名家文丛
607    @a缅甸@x历史
690    @aK337.0@v5
701  0 @a贺圣达@9he sheng da@f(1948-)@4著
801  0 @aCN@b上海新华@c20180901
905    @b1160291-5@dK337.0@e4@f5
    
    缅甸史/贺圣达著.-昆明:云南人民出版社,2015
    494页;24cm.-(云南文库·学术名家文丛)
    
    
    ISBN 978-7-222-11832-4:CNY89.00
    本书共分十四章,内容包括:原始社会、早期阶级社会(公元前后—10世纪初)、统一的封建国家的建立及初期发展——蒲甘王朝时期(1044-1287)、缅甸封建社会的分裂时期(1287-1531)等。
●
相关链接 在E读中查询图书 在五车中查询图书 在当当中查询图书 在豆瓣中查询图书


正题名:缅甸史     索取号:K337.0/4         预约/预借

序号 登录号 条形码 馆藏地/架位号 状态 备注
1 1160291   211602915   第二样本阅览室/ [索取号:K337.0/4] 在馆    
2 1160292   211602924   第二借阅区/ [索取号:K337.0/4] 在馆    
3 1160293   211602933   第二借阅区/ [索取号:K337.0/4] 在馆    
4 1160294   211602942   第二借阅区/ [索取号:K337.0/4] 在馆    
5 1160295   211602951   密集书库-史法系/ [索取号:K337.0/4] 在馆    
唐山师范学院图书馆 欢迎您!
大连网信软件有限公司© 版权所有